Discursos leídos ante la Real Academia de la Historia en la recepción pública de don José Moreno Nieto, el día 29 de mayo de 1864. (Record no. 153514)

MARC details
000 -LEADER
campo de control de longitud fija 01471nam a22002655i 4500
001 - NÚMERO DE CONTROL
campo de control 153514
003 - IDENTIFICADOR DE NÚMERO DE CONTROL
campo de control ES-MaACL
005 - FECHA Y HORA DE LA ÚLTIMA TRANSACCIÓN
campo de control 20250928145919.0
008 - DATOS DE LONGITUD FIJA--INFORMACIÓN GENERAL
campo de control de longitud fija 970902s1864 sp |||| | spa d
245 00 - MENCIÓN DEL TÍTULO
Título Discursos leídos ante la Real Academia de la Historia en la recepción pública de don José Moreno Nieto, el día 29 de mayo de 1864.
260 ## - PUBLICACIÓN, DISTRIBUCIÓN, ETC.
Lugar de publicación, distribución, etc. Madrid :
Nombre del editor, distribuidor, etc. [s.n.],
Fecha de publicación, distribución, etc. 1864 (
Fabricante Imp. de Manuel Galiano)
300 ## - DESCRIPCIÓN FÍSICA
Extensión 42, 22, 32 p. ;
Dimensiones 25 cm.
505 8# - NOTA DE CONTENIDO CON FORMATO
Nota de contenido con formato Apéndice al primer discurso: Biblioteca de historiadores árabigo-andaluces: autores árabigo-andaluces que han escrito sobre la historia general de los árabes, o la particular de España, o de algún pueblo de ella, o sobre la vida de algún personaje famoso por sus hechos
530 ## - NOTA DISPONIBLE DE FORMULARIO FÍSICO ADICIONAL
Nota de formato físico adicional disponible Disponible en formato digital.
594 ## - Nota al título y mención de responsabilidad
Nota al título y mención de responsabilidad Recoge el discurso de recepción de José Moreno Nieto, y el de contestación de Emilio Lafuente Alcántara.
650 #4 - PUNTO DE ACCESO ADICIONAL DE MATERIA--TÉRMINO DE MATERIA
Término de materia o nombre geográfico como elemento de entrada Historiografía-
Subdivisión geográfica Al-Andalus.
9 (RLIN) 157647
651 #4 - PUNTO DE ACCESO ADICIONAL DE MATERIA--NOMBRE GEOGRÁFICO
Nombre geográfico Al-Andalus-
Subdivisión de forma Historiografía.
9 (RLIN) 157648
700 1# - ENTRADA AGREGADA--NOMBRE PERSONAL
Nombre de persona Moreno Nieto, José,
Fechas asociadas al nombre 1825-1882
9 (RLIN) 83416
700 1# - ENTRADA AGREGADA--NOMBRE PERSONAL
Nombre de persona Lafuente y Alcántara, Emilio,
Fechas asociadas al nombre 1825-1868
9 (RLIN) 69545
710 2# - ENTRADA AGREGADA--NOMBRE DE ENTIDAD CORPORATIVA
Nombre de entidad corporativa o nombre de jurisdicción como elemento de entrada Real Academia de la Historia (España)
9 (RLIN) 6309
740 02 - ENTRADA AGREGADA--TÍTULO RELACIONADO/ANALÍTICO NO CONTROLADO
Título relacionado o analítico no controlado Biblioteca de historiadores árabigo-andaluces.
852 ## - LOCALIZACIÓN
Ubicación ES-MaACL
Número de control de estantería F-M-III-G (III)
Nota libre -- Enc. pasta española
856 ## - LOCALIZACIÓN Y ACCESO ELECTRÓNICOS
Identificador Uniforme de Recursos <a href="http://bdh-rd.bne.es/viewer.vm?id=0000095055&page=1 ">http://bdh-rd.bne.es/viewer.vm?id=0000095055&page=1 </a>
Nota pública Biblioteca Digital Hispánica
Holdings
Estatus retirado Estado de pérdida Estado de daño No para préstamo Colección Biblioteca de origen Biblioteca actual Ubicación en estantería Fecha de adquisición Fuente de adquisición Total de préstamos Signatura topográfica completa Código de barras Visto por última vez Precio de reemplazo Tipo de ítem Koha
        Colección digital Biblioteca del Ateneo de Madrid Biblioteca del Ateneo de Madrid Administración 17/01/2008     F-M-III-G (III) 1160458 23/02/2023 23/02/2023 Libro impreso antiguo